El Estrechamiento y viraje de la democracia costarricense /

Guardado en:
Bibliografiske detaljer
Hovedforfatter: Morales, Abelardo
Format: Texto
Tags: Tilføj Tag
Ingen Tags, Vær først til at tagge denne postø!

MARC

LEADER 00000 a a2200000 04500
001 1751
003
040
100 |a Morales, Abelardo  
245 |a El Estrechamiento y viraje de la democracia costarricense /  |c Abelardo Morales 
773 |g volumen 5, número 26 -27; páginas 23-25  
999 |c 39653  |d 39653